| 000 | 015010000a22002050004500 | ||
|---|---|---|---|
| 020 | _a84-7228-867-6 | ||
| 041 | 0 | _aSPA | |
| 082 | 0 | 4 | _aG 173 O971s |
| 100 | 1 | _aOwen, Pat Hershey | |
| 245 | 1 | 0 | _aSiete estilos de ser padres / Pat Hershey Owen ; Eliseo Vila, Versión castellana |
| 260 | _aTerrassa, Barcelona, España : CLIE | ||
| 300 | _a234 Pag. | ||
| 505 | 0 | 0 | _ael ser padres y los dones personales -- padres que muestran el estilo profético -- padres que muestran el estilo del servicio -- padres que muestran el estilo de enseñanza -- padres que muestran el estilo de exhortación -- padres que muestran el estilo de repartir o dar -- los padres y el estilo de dirigir(presidir, o admirar) -- padres que muestran el estilo de misericordia -- las influencias de la familia en los dones personales -- los dones personales desde la perspectiva de la familia -- hay una función para cada uno -- gozo, servicio, poder para el padre y el hijo -- cómo mostrar a tu hijo la forma de servir -- guiando a tu hijo en la alabanza -- cómo preparar a tu hijo para los sueños recibidos de Dios -- los niños han de tener un modelo -- cómo ser una bendición para nuestros hijos |
| 650 | 1 | 4 | _aPADRES - VIDA RELIGIOSA \ PATERNIDAD (PSICOLOGIA) - ASPECTOS RELIGIOSOS - CRISTIANISMO \ PATERNIDAD (PSICOLOGIA) - ENSEÑANZA BIBLICA \ PADRES - ACTITUDES |
| 001 | 935 | ||
| 942 | _cBK | ||
| 999 |
_c32333 _d32333 |
||
| 336 |
_atexto _btxt _2rdacontent |
||
| 337 |
_2rdamedia _asin mediación _bn |
||
| 338 |
_2rdacarrier _avolumen _bnc |
||